| 000 | 01294pam a2200385 a 4500 | ||
|---|---|---|---|
| 001 | 4301 | ||
| 003 | FISKH | ||
| 005 | 20250513085045.0 | ||
| 008 | 951226s1997 nyua j 000 1 eng | ||
| 010 | _a 95052861 | ||
| 020 | _a0803719183 (trade) | ||
| 020 | _a0803719191 (lib. bdg.) | ||
| 040 |
_aDLC _cDLC _dDLC _beng |
||
| 050 | _aPZ7.B82816 | ||
| 082 | _a813.54 | ||
| 100 | 1 |
_aBruchac, Joseph, _d1942- |
|
| 245 | 1 | 0 |
_aEagle song / _cJoseph Bruchac ; pictures by Dan Andreasen. |
| 250 | _aFirst Scholastic printing, September 1999. | ||
| 260 |
_aNew York : _bScholastic, _c1997. |
||
| 300 |
_a80 pages : _billustrations ; _c22 cm |
||
| 505 | _aR | ||
| 520 | _aAfter moving from a Mohawk reservation to Brooklyn, New York, eight-year-old Danny Bigtree encounters stereotypes about his Native American heritage. | ||
| 521 | 8 |
_a680
_bLexile |
|
| 521 | 8 |
_aR
_bRaz-Plus |
|
| 650 | 0 |
_aMohawk Indians _xJuvenile fiction. |
|
| 650 | 1 |
_aMohawk Indians _xFiction. |
|
| 650 | 1 |
_aIndians of North America _xFiction. |
|
| 650 | 1 |
_aMoving, Household _xFiction. |
|
| 650 | 1 |
_aPrejudices _xFiction. |
|
| 650 | 1 |
_aSchools _xFiction. |
|
| 700 | 1 |
_aAndreasen, Dan, _eillustrator |
|
| 906 |
_a7 _bcbc _corignew _d1 _eocip _f19 _gy-gencatlg |
||
| 942 |
_2ddc _cBK _n0 |
||
| 999 |
_c4301 _d4301 |
||